• 首页
  • 本馆介绍
  • 公告通知
  • 最新文献
  • 馆藏检索
  • 电子资源
  • 读者导购
  • 参考咨询
  • 我的图书馆
  • 登录
  • 详细信息显示
  • 放入我的书架
  • 预约/预借图书
  • 作者相关作品
  • 分类相关作品
  • 丛书相关作品
  • 出版社相关作品

书目信息

  • 表格格式
  • 工作单格式
  • 卡片格式
题名:
家常酱料大百科
    
 
作者: ;生活新实用编辑部 编著
分册:  
出版信息: 南京   江苏凤凰科学技术出版社  2020.05
页数: 255页
开本: 24cm
丛书名:
单 册:
中图分类: TS264.2
科图分类:
主题词: 调味酱--tiao wei jiang--制作
电子资源:
ISBN: 978-7-5713-0713-4
000 00905nam0 2200241 450
001 0106081823
005 20201106082044.0
010    @a978-7-5713-0713-4@dCNY45.00
100    @a20200713d2020 em y0chiy50 ea
101 0  @achi
102    @aCN@b320000
105    @aa z 000yy
106    @ar
200 1  @a家常酱料大百科@Ajia chang jiang liao da bai ke@f生活新实用编辑部编著
210    @a南京@c江苏凤凰科学技术出版社@d2020.05
215    @a255页@c彩照@d24cm
300    @a含章新实用系列图书
330    @a本书收录600种各式酱料,分为中式酱料、西式酱料、日韩东南亚酱料三大类,包括:蘸酱、凉拌酱、热炒酱、蒸煮酱、烧烤酱、沙拉酱、牛排酱、抹酱等,以及示范料理,还有调制酱料的基本用具、材料介绍。
606 0  @a调味酱@Atiao wei jiang@x制作
690    @aTS264.2@v5
711 02 @a生活新实用编辑部@Asheng huo xin shi yong bian ji bu@4编著
801  0 @aCN@bBJSZM@c20201106
905    @b1192292-5@dTS264.2@e360@f4
    
    家常酱料大百科/生活新实用编辑部编著.-南京:江苏凤凰科学技术出版社,2020.05
    255页:彩照;24cm
    含章新实用系列图书
    
    ISBN 978-7-5713-0713-4:CNY45.00
    本书收录600种各式酱料,分为中式酱料、西式酱料、日韩东南亚酱料三大类,包括:蘸酱、凉拌酱、热炒酱、蒸煮酱、烧烤酱、沙拉酱、牛排酱、抹酱等,以及示范料理,还有调制酱料的基本用具、材料介绍。
●
相关链接 在E读中查询图书 在五车中查询图书 在当当中查询图书 在豆瓣中查询图书


正题名:家常酱料大百科     索取号:TS264.2/360         预约/预借

序号 登录号 条形码 馆藏地/架位号 状态 备注
1 1192292   211922927   第二样本阅览室/ [索取号:TS264.2/360] 在馆    
2 1192293   211922936   第三借阅区/ [索取号:TS264.2/360] 在馆    
3 1192294   211922945   第三借阅区/ [索取号:TS264.2/360] 在馆    
4 1192295   211922954   第三借阅区/ [索取号:TS264.2/360] 在馆    
唐山师范学院图书馆 欢迎您!
大连网信软件有限公司© 版权所有